[Event "Unna Open 2022"]
[Site "Unna"]
[Date "2022.12.27"]
[Round "2.8"]
[White "Hart, Klaus"]
[Black "Höllmann, Ludger"]
[Result "1/2-1/2"]
[WhiteElo "1784"]
[BlackElo "2062"]
[Annotator "Medger,Gernot"]
[PlyCount "80"]
[EventDate "2022.12.??"]
[EventType "tourn"]
[EventRounds "7"]
[EventCountry "GER"]

1. Nf3 Nf6 2. c4 e6 3. e3 b6 4. b3 Bb7 5. Bb2 Be7 6. Be2 d5 7. O-O O-O 8. Nc3
Nbd7 9. d4 c5 10. cxd5 Nxd5 11. Nxd5 Bxd5 12. dxc5 Nxc5 13. Rc1 Bf6 14. Bxf6
Qxf6 15. Qd4 Qe7 16. Rfd1 Rfd8 17. Qc3 h6 18. b4 Ne4 19. Qb2 Rac8 20. a3 Bb7
21. Rxc8 Rxc8 22. Rc1 Rd8 23. h3 Nd6 24. Rc2 Nf5 25. Qc1 Nd6 26. Rc7 Rd7 27.
Rxd7 Qxd7 28. Ne5 Qe7 29. Bf3 Bxf3 30. Nxf3 Qb7 31. Nd4 a5 32. Qc3 Qd5 33. Qc7
Nc4 34. bxa5 bxa5 35. Qb8+ Kh7 36. Qb3 g6 37. a4 Kg7 38. Ne2 e5 39. Nc1 h5 40.
Nd3 Nxe3 1/2-1/2

[Event "Unna Open 2022"]
[Site "Unna"]
[Date "2022.12.27"]
[Round "2.9"]
[White "Gutte, Friedhelm"]
[Black "Hart, Theo"]
[Result "1-0"]
[WhiteElo "2036"]
[BlackElo "1889"]
[Annotator "Medger,Gernot"]
[PlyCount "25"]
[EventDate "2022.12.??"]
[EventType "tourn"]
[EventRounds "7"]
[EventCountry "GER"]

1. d4 d5 2. Bf4 Nf6 3. e3 e6 4. Nd2 Bd6 5. Bg3 Bxg3 6. hxg3 Nbd7 7. f4 Qe7 8.
c3 c5 9. Bd3 h6 10. Ngf3 Ng4 11. Qe2 f5 12. Bb5 O-O 13. O-O-O {Rest der Partie
nicht lesbar ...} 1-0

[Event "Unna Open 2022"]
[Site "Unna"]
[Date "2022.12.27"]
[Round "2.10"]
[White "Hofer, Stefan"]
[Black "Winkler, Yonathan"]
[Result "1-0"]
[WhiteElo "1767"]
[BlackElo "1918"]
[Annotator "Medger,Gernot"]
[PlyCount "77"]
[EventDate "2022.12.??"]
[EventType "tourn"]
[EventRounds "7"]
[EventCountry "GER"]

1. e4 c5 2. Nf3 a6 3. d3 Nc6 4. g3 e6 5. Bg2 d5 6. Nbd2 Be7 7. O-O h5 8. h3 g5
9. exd5 exd5 10. Re1 Be6 11. Ne5 Nxe5 12. Rxe5 Qd6 13. Nf3 g4 14. Bf4 Qd7 15.
Ng5 Bxg5 16. Bxg5 f6 17. Rxe6+ Qxe6 18. Qd2 O-O-O 19. Re1 Qd7 20. Bf4 b6 21. b4
gxh3 22. Bf3 h4 23. bxc5 hxg3 24. Bxg3 h2+ 25. Kh1 Rh7 26. Qf4 Kb7 27. c4 Ne7
28. Qxf6 bxc5 29. Rb1+ Ka7 30. Rb6 Qc8 31. Bb8+ Qxb8 32. Rxa6+ Kb7 33. Qb6+ Kc8
34. Bg4+ Nf5 35. Bxf5+ Rdd7 36. Qc6+ Kd8 37. Ra8 Rb7 38. Rxb8+ Rxb8 39. Qd6+
1-0

[Event "Unna Open 2022"]
[Site "Unna"]
[Date "2022.12.27"]
[Round "2.11"]
[White "Tymura, Achim"]
[Black "Schirmbeck, Markus"]
[Result "1-0"]
[WhiteElo "2035"]
[BlackElo "1790"]
[Annotator "Medger,Gernot"]
[PlyCount "59"]
[EventDate "2022.12.??"]
[EventType "tourn"]
[EventRounds "7"]
[EventCountry "GER"]

1. Nf3 d5 2. c4 e6 3. d4 Nf6 4. Nc3 Bb4 5. Bg5 O-O 6. e3 Nbd7 7. Qb3 c5 8. dxc5
Qa5 9. Bxf6 Nxf6 10. cxd5 exd5 11. Bd3 Qxc5 12. O-O Be6 13. Na4 Qe7 14. Nd4
Rac8 15. Rac1 Bd2 16. Rc2 Rxc2 17. Qxc2 Bb4 18. Rc1 Bd6 19. h3 g6 20. Nc3 a6
21. Qb3 Rc8 22. Nce2 Rxc1+ 23. Nxc1 Qc7 24. Nce2 Nd7 25. Qd1 Ne5 26. Bc2 Nc4
27. b3 Ne5 28. e4 Qc5 29. Kh1 Nc6 30. Nxe6 1-0

[Event "Unna Open 2022"]
[Site "Unna"]
[Date "2022.12.27"]
[Round "2.12"]
[White "Zuleger, Detlev"]
[Black "Georg, Felix"]
[Result "0-1"]
[WhiteElo "1862"]
[BlackElo "2034"]
[Annotator "Medger,Gernot"]
[PlyCount "50"]
[EventDate "2022.12.??"]
[EventType "tourn"]
[EventRounds "7"]
[EventCountry "GER"]

1. e4 d6 2. d4 Nf6 3. Bd3 e5 4. f4 exd4 5. Nf3 Nc6 6. O-O Be7 7. h3 O-O 8. Nbd2
Re8 9. Nb3 d5 10. e5 Ne4 11. Bxe4 dxe4 12. Nfxd4 Nxd4 13. Qxd4 Qxd4+ 14. Nxd4
f6 15. exf6 Bxf6 16. Nb5 Re7 17. f5 e3 18. Rf3 e2 19. Bd2 Rd7 20. Rd3 Rxd3 21.
cxd3 Bxf5 22. Nxc7 Bd4+ 23. Kh1 Rf8 24. Be1 Bxd3 25. Ne6 Rf1+ 0-1

[Event "Unna Open 2022"]
[Site "Unna"]
[Date "2022.12.27"]
[Round "2.13"]
[White "Nechitaylo, Nikita"]
[Black "Xudagulyan, Xoren"]
[Result "1/2-1/2"]
[WhiteElo "1758"]
[BlackElo "1726"]
[Annotator "Medger,Gernot"]
[PlyCount "120"]
[EventDate "2022.12.??"]
[EventType "tourn"]
[EventRounds "7"]
[EventCountry "GER"]

1. e4 e6 2. d4 d5 3. Nd2 c5 4. exd5 Qxd5 5. Ngf3 Nf6 6. Bc4 Qd6 7. O-O cxd4 8.
Nb3 Be7 9. Nfxd4 O-O 10. Qf3 a6 11. Bd3 Nbd7 12. Bf4 Qd5 13. c4 Qxf3 14. Nxf3
b6 15. Nbd4 Bb7 16. a3 Nc5 17. Bc2 Rfd8 18. Bc7 Rdc8 19. Bxb6 Ncd7 20. Ba5 Rxc4
21. Bd3 Rcc8 22. Rac1 e5 23. Nf5 Bf8 24. Nd2 Nc5 25. Bb1 Bd5 26. Bc3 Nfd7 27.
Ne3 Be6 28. Ndc4 f6 29. Rcd1 Na4 30. Ba5 Rab8 31. b3 Nab6 32. Nxb6 Nxb6 33. b4
Na4 34. Rc1 Nc3 35. Bd3 Nb5 36. a4 Rxc1 37. Rxc1 Nd4 38. Rb1 Nb3 39. Nc4 Nxa5
40. Nxa5 Rxb4 41. Rxb4 Bxb4 42. Nc6 a5 43. Kf1 Bc3 44. Ke2 Kf7 45. Nd8+ Ke7 46.
Nxe6 Kxe6 47. Bxh7 Kd5 48. Kd3 Bd4 49. f3 Kc5 50. Be4 g5 51. g3 Bg1 52. h4 gxh4
53. gxh4 Kd6 54. h5 Ke7 55. h6 Kf8 56. Kc4 Be3 57. h7 Kg7 58. Kd5 Bd2 59. Ke6
Be3 60. Kf5 Bg5 1/2-1/2

[Event "Unna Open 2022"]
[Site "Unna"]
[Date "2022.12.27"]
[Round "2.14"]
[White "Pickhard, Tobias"]
[Black "Mann, Gergely"]
[Result "0-1"]
[WhiteElo "1665"]
[BlackElo "1849"]
[Annotator "Medger,Gernot"]
[PlyCount "62"]
[EventDate "2022.12.??"]
[EventType "tourn"]
[EventRounds "7"]
[EventCountry "GER"]

1. e4 c5 2. Nf3 d6 3. Bb5+ Nd7 4. O-O a6 5. Bxd7+ Bxd7 6. d4 cxd4 7. Qxd4 e5 8.
Qd3 h6 9. Nc3 Nf6 10. a4 Be7 11. a5 O-O 12. Nd2 Rc8 13. Nc4 Be6 14. Nb6 Rc6 15.
Ncd5 Nd7 16. f4 f5 17. Nxd7 fxe4 18. N7f6+ Bxf6 19. Qxe4 Rc5 20. Nc3 d5 21. Qb4
Qc7 22. fxe5 Bxe5 23. Rxf8+ Kxf8 24. Be3 Bd6 25. Rf1+ Kg8 26. Bf4 Bxf4 27. Rxf4
Rxa5 28. Nxd5 Rxd5 29. Rf8+ Kh7 30. Qe4+ g6 31. Qxe6 Qc5+ 0-1

[Event "Unna Open 2022"]
[Site "Unna"]
[Date "2022.12.27"]
[Round "2.15"]
[White "Merz, Martin"]
[Black "Bui, Hoan Tam"]
[Result "1-0"]
[WhiteElo "1982"]
[BlackElo "1606"]
[Annotator "Medger,Gernot"]
[PlyCount "99"]
[EventDate "2022.12.??"]
[EventType "tourn"]
[EventRounds "7"]
[EventCountry "GER"]

1. d4 d5 2. Nf3 Nf6 3. c4 c6 4. cxd5 cxd5 5. Nc3 Nc6 6. Bf4 a6 7. e3 Bg4 8. Be2
e6 9. h3 Bxf3 10. Bxf3 Bd6 11. Bg5 h6 12. Bxf6 Qxf6 13. O-O O-O 14. Rc1 Rac8
15. Qd2 Rc7 16. Rfd1 Rfc8 17. Qe1 b5 18. Bxd5 exd5 19. Nxd5 Qd8 20. Nxc7 Rxc7
21. a3 b4 22. Rc4 bxa3 23. bxa3 Ne7 24. Qa5 Qc8 25. Rxc7 Bxc7 26. Qc5 Qd7 27.
Rc1 Bd6 28. Qa5 Qe6 29. Kf1 Bh2 30. Qc3 Qf6 31. Ke1 Qg5 32. Kf1 Qf6 33. Qd3 Bg3
34. Rc2 g6 35. Kg1 Bd6 36. e4 Bb8 37. g3 Qb6 38. Kg2 Kg7 39. Rc3 Ba7 40. Rc5
Nc6 41. Qc3 Nxd4 42. Qxd4+ Kh7 43. Qd5 Qxc5 44. Qxf7+ Kh8 45. Qf6+ Kh7 46. Qf7+
Kh8 47. e5 Bb6 48. e6 Qxf2+ 49. Qxf2 Bxf2 50. e7 1-0

[Event "Unna Open 2022"]
[Site "Unna"]
[Date "2022.12.27"]
[Round "2.16"]
[White "Bertschik, Jonas"]
[Black "Neumann, Theodor"]
[Result "0-1"]
[WhiteElo "1788"]
[BlackElo "1893"]
[Annotator "Medger,Gernot"]
[PlyCount "58"]
[EventDate "2022.12.??"]
[EventType "tourn"]
[EventRounds "7"]
[EventCountry "GER"]

1. d4 e6 2. c4 f5 3. Nc3 Nf6 4. Nf3 Be7 5. Bf4 O-O 6. h3 d6 7. e3 a5 8. Be2 Na6
9. O-O h6 10. a3 g5 11. Bh2 Bd7 12. Nd2 Qe8 13. f4 Qg6 14. fxg5 hxg5 15. g4 Qh6
16. Bf3 Qxh3 17. Bxb7 Nxg4 18. Qe2 Nxh2 19. Bxa8 Nxf1 20. Bg2 Qxe3+ 21. Kxf1
Qxd4 22. Qh5 Kg7 23. Nf3 Qg4 24. Qh2 Bc6 25. Kf2 Rh8 26. Qg1 Nc5 27. Qd1 Rh2
28. Nxh2 Qxg2+ 29. Ke3 f4+ 0-1

[Event "Unna Open 2022"]
[Site "Unna"]
[Date "2022.12.27"]
[Round "2.17"]
[White "Raabe, Stefan"]
[Black "Konrad, Alechander"]
[Result "1-0"]
[WhiteElo "1951"]
[BlackElo "1658"]
[Annotator "Medger,Gernot"]
[PlyCount "53"]
[EventDate "2022.12.??"]
[EventType "tourn"]
[EventRounds "7"]
[EventCountry "GER"]

1. e4 e6 2. d4 d5 3. exd5 exd5 4. Nf3 Bg4 5. Be2 Bd6 6. Nc3 c6 7. Be3 Qc7 8.
Qd2 Ne7 9. h3 Bh5 10. g4 Bg6 11. O-O-O Nd7 12. h4 f5 13. Ng5 Nf8 14. h5 f4 15.
hxg6 fxe3 16. fxe3 Nexg6 17. Bd3 h6 18. Ne6 Nxe6 19. Bxg6+ Kd7 20. Rhf1 Raf8
21. Bf5 Rf6 22. Kb1 Kd8 23. e4 Bf4 24. Qd3 dxe4 25. Nxe4 Rhf8 26. Nxf6 Rxf6 27.
Qe4 1-0

[Event "Unna Open 2022"]
[Site "Unna"]
[Date "2022.12.27"]
[Round "2.18"]
[White "Pinno, Gregor"]
[Black "Reinacher, Detlev"]
[Result "1-0"]
[WhiteElo "1913"]
[BlackElo "1671"]
[Annotator "Medger,Gernot"]
[PlyCount "29"]
[EventDate "2022.12.??"]
[EventType "tourn"]
[EventRounds "7"]
[EventCountry "GER"]

1. e4 d6 2. Nf3 g6 3. d4 Bg7 4. c4 Nf6 5. Nc3 O-O 6. h3 Nbd7 7. Bd3 e5 8. d5 c6
9. Bg5 Qc7 10. Qd2 Re8 11. O-O c5 12. a3 a6 13. b4 b6 14. Rfb1 Bb7 15. a4 1-0

[Event "Unna Open 2022"]
[Site "Unna"]
[Date "2022.12.27"]
[Round "2.20"]
[White "Korten, Lando"]
[Black "Kamper, Marco"]
[Result "1-0"]
[WhiteElo "2124"]
[BlackElo "1815"]
[Annotator "Medger,Gernot"]
[PlyCount "95"]
[EventDate "2022.12.??"]
[EventType "tourn"]
[EventRounds "7"]
[EventCountry "GER"]

1. d4 f5 2. Bf4 Nf6 3. e3 d6 4. Nc3 g6 5. Bd3 Bg7 6. Nf3 c6 7. Qe2 Qa5 8. O-O
O-O 9. Rfe1 Nh5 10. Rad1 Re8 11. Bc4+ Kh8 12. Ng5 d5 13. Bd3 Nxf4 14. exf4 Bf6
15. Nf7+ Kg7 16. Ne5 Nd7 17. Qe3 Nf8 18. a3 Qc7 19. Qg3 Qd6 20. h4 Rb8 21. h5
a6 22. Nb1 b6 23. Nd2 c5 24. c3 c4 25. Bc2 Bd7 26. Nf1 a5 27. Ne3 e6 28. Kf1
Bxe5 29. fxe5 Qe7 30. f4 Rec8 31. Ke2 b5 32. Rh1 Qf7 33. Rh3 h6 34. Rdh1 g5 35.
fxg5 Kh8 36. g6 Qg7 37. Qf4 b4 38. axb4 axb4 39. g4 bxc3 40. bxc3 Rb2 41. g5
Be8 42. gxh6 Qg8 43. g7+ Kh7 44. gxf8=Q Rxc2+ 45. Nxc2 Qg2+ 46. Ke1 Rc7 47. Qg3
Qe4+ 48. Kd2 1-0

[Event "Unna Open 2022"]
[Site "Unna"]
[Date "2022.12.27"]
[Round "2.21"]
[White "Naumann, Thomas"]
[Black "Wenning, Niels"]
[Result "0-1"]
[WhiteElo "1520"]
[BlackElo "1871"]
[Annotator "Medger,Gernot"]
[PlyCount "101"]
[EventDate "2022.12.??"]
[EventType "tourn"]
[EventRounds "7"]
[EventCountry "GER"]

1. d4 d5 2. Nf3 Nf6 3. c4 e6 4. h3 Be7 5. Bf4 O-O 6. e3 b6 7. Nbd2 Bb7 8. Rc1
c5 9. dxc5 Bxc5 10. Be2 Nc6 11. cxd5 Nxd5 12. Bg3 Ndb4 13. a3 Nd3+ 14. Bxd3
Qxd3 15. Rc3 Qd7 16. O-O Ba6 17. Re1 Rfd8 18. Bh4 f6 19. Qa4 Bb7 20. Qg4 Kh8
21. Rec1 Rac8 22. Nb3 Bf8 23. Nbd4 Re8 24. Nxc6 Rxc6 25. Qa4 Rd6 26. Qxd7 Rxd7
27. Nd4 e5 28. Nb3 Red8 29. f4 exf4 30. exf4 Kg8 31. Be1 Kf7 32. Rc7 Bd6 33.
Rxd7+ Rxd7 34. g3 Bd5 35. Rc3 Be6 36. Kh2 Rc7 37. Rxc7+ Bxc7 38. Nd4 Bd7 39.
Bc3 a5 40. Kg2 Ke7 41. h4 Kd6 42. Kf3 Kd5 43. Ke3 b5 44. Kd3 Bb6 45. Ne2 Bf5+
46. Kd2 Ke4 47. b4 a4 48. Bxf6 gxf6 49. Nc3+ Kf3 50. Nxb5 Kxg3 51. Nc3 0-1

[Event "Unna Open 2022"]
[Site "Unna"]
[Date "2022.12.27"]
[Round "2.22"]
[White "Theile-Rasche, Ingo"]
[Black "Naumann, Martin"]
[Result "1-0"]
[WhiteElo "1917"]
[BlackElo "1511"]
[Annotator "Medger,Gernot"]
[PlyCount "75"]
[EventDate "2022.12.??"]
[EventType "tourn"]
[EventRounds "7"]
[EventCountry "GER"]

1. d4 Nf6 2. Bf4 e6 3. e3 b6 4. Nf3 Bb7 5. Nbd2 Be7 6. c4 O-O 7. Bd3 d6 8. O-O
c5 9. Rc1 Nc6 10. Bb1 Rc8 11. Re1 Nh5 12. Bg3 Nxg3 13. hxg3 Qd7 14. dxc5 bxc5
15. a3 Rfd8 16. Qc2 g6 17. Rcd1 Qc7 18. Nf1 d5 19. N1h2 Rd7 20. Ng4 Rcd8 21.
Qc3 d4 22. exd4 cxd4 23. Qd3 Qb6 24. b4 a6 25. Ba2 Bc8 26. b5 Na7 27. Nfe5 Rb7
28. Nh6+ Kg7 29. Nhxf7 Rf8 30. bxa6 Qxa6 31. Qxd4 Rxf7 32. Nxf7+ Kxf7 33. Qh8
h5 34. Qh7+ Kf6 35. Bb1 Bc5 36. Qxg6+ Ke7 37. Qg7+ Ke8 38. Bg6+ 1-0

[Event "Unna Open 2022"]
[Site "Unna"]
[Date "2022.12.27"]
[Round "2.23"]
[White "Ioffe, Leon"]
[Black "Schulte, Tobias"]
[Result "0-1"]
[WhiteElo "1412"]
[BlackElo "1784"]
[Annotator "Medger,Gernot"]
[PlyCount "108"]
[EventDate "2022.12.??"]
[EventType "tourn"]
[EventRounds "7"]
[EventCountry "GER"]

1. e4 e6 2. a3 d5 3. e5 c5 4. b4 d4 5. bxc5 Nc6 6. f4 Nh6 7. Nf3 Bxc5 8. Bd3
O-O 9. O-O Ne7 10. Ng5 Ng6 11. h4 Nf5 12. Ne4 Bb6 13. h5 Nge7 14. g4 Nh6 15.
Rf2 Nd5 16. Ng5 f5 17. exf6 Nxf6 18. Rg2 Qd5 19. Qe2 Qd6 20. Nh3 Nhxg4 21. Rxg4
Nxg4 22. Qxg4 e5 23. Qg2 Bxh3 24. Qxh3 Rxf4 25. Bc4+ Kh8 26. d3 Rff8 27. Nd2 e4
28. Nxe4 Qe5 29. Bd2 Rf5 30. Ng3 Rf3 31. Kg2 Raf8 32. Re1 Qb8 33. Rf1 Rxg3+ 34.
Qxg3 Qxg3+ 35. Kxg3 Rxf1 36. Bf4 h6 37. Kg4 Bd8 38. Bd6 Bf6 39. Bb3 Rh1 40. Bg3
Be7 41. a4 Bb4 42. Be5 Be1 43. Bf7 Rf1 44. Bd5 Rg1+ 45. Kf5 Rg5+ 46. Ke6 Rxh5
47. Bxd4 b6 48. c4 Bb4 49. Bb2 Kg8 50. d4 Kf8 51. a5 g5 52. Bc6 Rh2 53. axb6
axb6 54. Ba1 Re2+ 0-1

[Event "Unna Open 2022"]
[Site "Unna"]
[Date "2022.12.27"]
[Round "2.24"]
[White "Eiden, Markus"]
[Black "Pennekamp, Christoph"]
[Result "1/2-1/2"]
[WhiteElo "1744"]
[BlackElo "1504"]
[Annotator "Medger,Gernot"]
[PlyCount "109"]
[EventDate "2022.12.??"]
[EventType "tourn"]
[EventRounds "7"]
[EventCountry "GER"]

1. e4 c6 2. Nf3 d5 3. Nc3 Bg4 4. h3 Bh5 5. g4 Bg6 6. exd5 cxd5 7. Bb5+ Nc6 8.
Ne5 Rc8 9. Qf3 e6 10. h4 Qf6 11. Nxc6 bxc6 12. Qxf6 Nxf6 13. Ba6 Rb8 14. f3 d4
15. Ne2 d3 16. cxd3 Rd8 17. Nf4 e5 18. Nxg6 hxg6 19. b3 Nd5 20. Ke2 Nf4+ 21.
Ke3 Bc5+ 22. Ke4 f6 23. Bb2 Bd4 24. Bxd4 Rxd4+ 25. Ke3 Nd5+ 26. Ke2 Nf4+ 27.
Ke3 Nd5+ 28. Kf2 Nb4 29. Bc4 Nxd3+ 30. Bxd3 Rxd3 31. Ke2 Rd6 32. Rac1 Kd7 33.
Ke3 f5 34. Rc4 Ke6 35. d4 Rhd8 36. dxe5 Kxe5 37. Rc5+ Kf6 38. Rc4 Ke5 39. Rc5+
Kf6 40. Rc3 Ke5 41. f4+ Kf6 42. g5+ Kf7 43. Rhc1 Rc8 44. b4 Ke7 45. Rc5 Kd7 46.
R1c4 Re8+ 47. Re5 Rxe5+ 48. fxe5 Rd1 49. Rd4+ Rxd4 50. Kxd4 Ke6 51. a4 a6 52.
a5 f4 53. Ke4 f3 54. Kxf3 Kxe5 55. Ke3 1/2-1/2

[Event "Unna Open 2022"]
[Site "Unna"]
[Date "2022.12.25"]
[Round "2.25"]
[White "Kappelhoff, Pius"]
[Black "Weiner, Timon Liam"]
[Result "1-0"]
[WhiteElo "1627"]
[BlackElo "1153"]
[Annotator "Medger,Gernot"]
[PlyCount "81"]
[EventDate "2022.12.??"]
[EventType "tourn"]
[EventRounds "7"]
[EventCountry "GER"]

1. c4 e5 2. g3 Nc6 3. Bg2 Bc5 4. e3 d6 5. Ne2 Nf6 6. d4 Bb4+ 7. Nbc3 exd4 8.
exd4 Qe7 9. O-O O-O 10. Bg5 Bg4 11. Qd3 Rfe8 12. Nf4 Bxc3 13. Qxc3 h6 14. Rfe1
Qd7 15. Bxf6 gxf6 16. h3 Bf5 17. Nh5 Qd8 18. Rxe8+ Qxe8 19. Nxf6+ Kf8 20. Nxe8
Rxe8 21. Bxc6 bxc6 22. d5 Kg8 23. Re1 Rb8 24. g4 Bg6 25. dxc6 a6 26. h4 h5 27.
Qg3 Kh7 28. b3 Rd8 29. Rd1 Re8 30. c5 Rd8 31. cxd6 cxd6 32. c7 Rc8 33. Qxd6
hxg4 34. Qd8 Rxd8 35. cxd8=Q a5 36. h5 Bxh5 37. Qh4 Kg6 38. Rd6+ Kf5 39. Qxh5+
Kf4 40. Rd4+ Kf3 41. Qxg4# 1-0

[Event "Unna Open 2022"]
[Site "Unna"]
[Date "2022.12.26"]
[Round "2.26"]
[White "Dziuk, Dariusz"]
[Black "Hammerschmidt, Martin"]
[Result "1/2-1/2"]
[WhiteElo "1161"]
[BlackElo "1761"]
[Annotator "Medger,Gernot"]
[PlyCount "55"]
[EventDate "2022.12.??"]
[EventType "tourn"]
[EventRounds "7"]
[EventCountry "GER"]

1. Nf3 Nf6 2. c4 g6 3. Nc3 Bg7 4. d4 d6 5. e4 O-O 6. h3 Nbd7 7. Bd3 e5 8. d5 a5
9. Be3 c5 10. Bc2 Nb6 11. b3 Ne8 12. Qd2 Bd7 13. a4 Nc8 14. Bh6 Ne7 15. Bxg7
Kxg7 16. O-O-O Nc7 17. Rdg1 f5 18. exf5 Nxf5 19. h4 Qe7 20. h5 Rh8 21. hxg6
hxg6 22. g3 Raf8 23. Ne4 b6 24. Rh2 Rxh2 25. Nxh2 Nd4 26. Bd1 Ne8 27. Nf1 Bg4
28. Rh1 1/2-1/2

[Event "Unna Open 2022"]
[Site "Unna"]
[Date "2022.12.27"]
[Round "2.27"]
[White "Nadan, Nikolas"]
[Black "Le, Elias"]
[Result "1-0"]
[WhiteElo "1457"]
[BlackElo "835"]
[Annotator "Medger,Gernot"]
[PlyCount "53"]
[EventDate "2022.12.??"]
[EventType "tourn"]
[EventRounds "7"]
[EventCountry "GER"]

1. e4 e5 2. Nf3 Nc6 3. d4 exd4 4. Bc4 Be7 5. Nxd4 Nf6 6. Nc3 Nxd4 7. Qxd4 b6 8.
e5 Ng8 9. e6 Bf6 10. exf7+ Kf8 11. fxg8=Q+ Rxg8 12. Qd5 Qe8+ 13. Be3 Qe6 14.
Qxa8 Qxc4 15. Qxc8+ Kf7 16. Qxd7+ Kg6 17. Qd3+ Qxd3 18. cxd3 Rd8 19. O-O-O c5
20. h4 h5 21. Ne4 Be5 22. f3 Rc8 23. g4 c4 24. d4 Bb8 25. gxh5+ Kxh5 26. Rdg1
g6 27. Nf6# 1-0

[Event "Unna Open 2022"]
[Site "Unna"]
[Date "2022.12.27"]
[Round "2.28"]
[White "Koch, Lennard"]
[Black "Willems, Marcus"]
[Result "0-1"]
[WhiteElo "1334"]
[BlackElo "1414"]
[Annotator "Medger,Gernot"]
[PlyCount "78"]
[EventDate "2022.12.??"]
[EventType "tourn"]
[EventRounds "7"]
[EventCountry "GER"]

1. c4 g6 2. Nc3 c5 3. g3 Bg7 4. Bg2 Nc6 5. e3 e6 6. Nge2 Nge7 7. O-O O-O 8. d4
cxd4 9. exd4 d5 10. cxd5 Nxd5 11. Nxd5 exd5 12. Be3 Bg4 13. f3 Be6 14. Qb3 Na5
15. Qb4 Nc4 16. Bf2 a5 17. Qb5 Nd6 18. Qd3 Bf5 19. Qd1 Re8 20. g4 Bd7 21. Nf4
Bc6 22. Bg3 Nc4 23. Rf2 Qb6 24. Ne2 Ne3 25. Qd2 Nc4 26. Qc3 Rxe2 27. Qd3 Rxf2
28. Bxf2 Qxb2 29. Rb1 Qxa2 30. f4 Qd2 31. Qb3 Bxd4 32. Rf1 Qxf4 33. Bxd4 Qxd4+
34. Kh1 Ne3 35. Rf3 Nxg2 36. Kxg2 Qxg4+ 37. Kf2 Qh4+ 38. Kg1 Re8 39. Re3 Qd4
0-1

[Event "Unna Open 2022"]
[Site "Unna"]
[Date "2022.12.27"]
[Round "2.29"]
[White "Zeitz, Max"]
[Black "Nechitaylo, Lev"]
[Result "0-1"]
[WhiteElo "1619"]
[BlackElo "1394"]
[Annotator "Medger,Gernot"]
[PlyCount "94"]
[EventDate "2022.12.??"]
[EventType "tourn"]
[EventRounds "7"]
[EventCountry "GER"]

1. e4 c5 2. Nf3 Nc6 3. d4 cxd4 4. Nxd4 d6 5. Nc3 e5 6. Nf3 Nf6 7. Bg5 Be7 8.
Be2 Be6 9. O-O O-O 10. a3 Nd7 11. Bxe7 Qxe7 12. Nd5 Qd8 13. Nd2 Nf6 14. c4 Nd4
15. Bd3 Bxd5 16. cxd5 Rc8 17. Nb3 Qb6 18. Nxd4 Qxd4 19. Qe2 Nd7 20. Rfd1 Qb6
21. b4 Rc7 22. Rab1 a6 23. Rbc1 Rfc8 24. Qb2 a5 25. Be2 axb4 26. axb4 Nc5 27.
Qb1 Na4 28. Rxc7 Rxc7 29. Qa1 Qxb4 30. Rc1 Rxc1+ 31. Qxc1 g6 32. Bf3 Qc3 33.
Qf1 Nc5 34. h3 Qd3 35. Qxd3 Nxd3 36. Kf1 b5 37. Ke2 Nc5 38. Kd2 Kf8 39. Kc3 Ke7
40. Kb4 Nd3+ 41. Kxb5 Nxf2 42. Kc4 f5 43. exf5 gxf5 44. Kc3 Kf6 45. Kd2 e4 46.
Be2 Ke5 47. Ke3 Nd3 0-1

[Event "Unna Open 2022"]
[Site "Unna"]
[Date "2022.12.27"]
[Round "2.30"]
[White "Jäger, Jeremy"]
[Black "Meinberger, Manfred"]
[Result "1/2-1/2"]
[WhiteElo "1397"]
[BlackElo "1593"]
[Annotator "Medger,Gernot"]
[PlyCount "45"]
[EventDate "2022.12.??"]
[EventType "tourn"]
[EventRounds "7"]
[EventCountry "GER"]

1. e4 e6 2. d4 d5 3. e5 Bd7 4. Nf3 c5 5. c3 Nc6 6. Nbd2 Qb6 7. Nb3 cxd4 8. cxd4
Nge7 9. Bd3 Nb4 10. Bc2 Rc8 11. Bb1 Bb5 12. a4 Ba6 13. Nc5 Nec6 14. Nxa6 Nxa6
15. O-O Bb4 16. Be3 Ba5 17. Qc2 Ne7 18. Qe2 Nb4 19. Rd1 O-O 20. Nh4 Rc7 21. Qh5
Nc2 22. Ra2 Rfc8 23. Qg4 1/2-1/2

[Event "Unna Open 2022"]
[Site "Unna"]
[Date "2022.12.27"]
[Round "2.31"]
[White "Foltin, Alica"]
[Black "Arnoldi, Ekkehard"]
[Result "1-0"]
[WhiteElo "1478"]
[BlackElo "1484"]
[Annotator "Medger,Gernot"]
[PlyCount "47"]
[EventDate "2022.12.??"]
[EventType "tourn"]
[EventRounds "7"]
[EventCountry "GER"]

1. e4 d5 2. exd5 Qxd5 3. Nc3 Qa5 4. Nf3 e5 5. Bc4 c6 6. O-O Nf6 7. Re1 Bd6 8.
d4 Nbd7 9. Qe2 Ng4 10. h3 h5 11. hxg4 hxg4 12. Nxe5 Nxe5 13. dxe5 Bc5 14. e6 f5
15. Bf4 Qd8 16. g3 Qf6 17. Rad1 g5 18. Be5 Qh6 19. Bxh8 Qxh8 20. Qe5 Qxe5 21.
Rxe5 Bb6 22. Rxf5 Bd8 23. Ne4 b5 24. Nd6+ 1-0

[Event "Unna Open 2022"]
[Site "Unna"]
[Date "2022.12.27"]
[Round "2.32"]
[White "Paul, André David"]
[Black "Neumann, Michael"]
[Result "1-0"]
[WhiteElo "1671"]
[BlackElo "1298"]
[Annotator "Medger,Gernot"]
[PlyCount "69"]
[EventDate "2022.12.??"]
[EventType "tourn"]
[EventRounds "7"]
[EventCountry "GER"]

1. d4 f5 2. c4 c6 3. Nc3 d5 4. e3 Nf6 5. Be2 e6 6. Nf3 Bd6 7. a3 O-O 8. c5 Bc7
9. g3 Nbd7 10. b4 a6 11. Bd3 Ne4 12. Bb2 Ndf6 13. Ne2 Ng4 14. Rf1 Qf6 15. h3
Ngxf2 16. Rxf2 Bxg3 17. Nxg3 Nxg3 18. h4 f4 19. Ng5 Nf5 20. Rxf4 Qh6 21. Bxf5
Rxf5 22. Qg4 Bd7 23. Rxf5 exf5 24. Qf4 Re8 25. Kd2 Qf6 26. Nf3 Re4 27. Qg5 Qe6
28. Rg1 g6 29. h5 Be8 30. hxg6 hxg6 31. Ne5 Kg7 32. Rh1 Bf7 33. Qh6+ Kf6 34.
Qh8+ Ke7 35. Rh7 1-0

[Event "Unna Open 2022"]
[Site "Unna"]
[Date "2022.12.27"]
[Round "2.33"]
[White "Conradi, Rolf"]
[Black "Neumann, Helena"]
[Result "0-1"]
[WhiteElo "1287"]
[BlackElo "1575"]
[Annotator "Medger,Gernot"]
[PlyCount "112"]
[EventDate "2022.12.??"]
[EventType "tourn"]
[EventRounds "7"]
[EventCountry "GER"]

1. e4 c6 2. Nc3 d5 3. exd5 cxd5 4. d4 Nc6 5. Bb5 Nf6 6. Nf3 Bg4 7. h3 Bxf3 8.
Qxf3 e6 9. Bf4 Qb6 10. Qd3 a6 11. Bxc6+ bxc6 12. b3 Bb4 13. O-O O-O 14. Ne2 Ne4
15. a3 Be7 16. b4 a5 17. c3 Ra7 18. f3 Nd6 19. Rab1 Nc4 20. Rb3 a4 21. Rbb1
Nxa3 22. Ra1 Nc4 23. Ra2 f6 24. Bc1 e5 25. f4 e4 26. Qg3 f5 27. Kh1 Qb5 28. h4
Nb6 29. Re1 Qc4 30. Ra3 Qb5 31. h5 Nc4 32. Ra2 Nd6 33. Qh3 Qc4 34. Ra1 Nb5 35.
Bd2 a3 36. Nc1 a2 37. Re2 Ra3 38. Qg3 Bxb4 39. Qe1 Bxc3 40. Bxc3 Nxc3 41. Rc2
Qxd4 42. Ne2 Nxe2 43. Rxe2 Rb8 44. Rexa2 Rxa2 45. Rxa2 Qb4 46. Qe2 Qb1+ 47. Kh2
Qc1 48. g3 Rb1 49. Qg2 Qf1 50. Qxf1 Rxf1 51. Rc2 d4 52. Kg2 d3 53. Rd2 Rc1 54.
Kf2 Rc2 55. Ke1 Rxd2 56. Kxd2 c5 0-1

[Event "Unna Open 2022"]
[Site "Unna"]
[Date "2022.12.27"]
[Round "2.34"]
[White "Böse, Marc"]
[Black "Palermo, Julian"]
[Result "1/2-1/2"]
[WhiteElo "1568"]
[BlackElo "1297"]
[Annotator "Medger,Gernot"]
[PlyCount "48"]
[EventDate "2022.12.??"]
[EventType "tourn"]
[EventRounds "7"]
[EventCountry "GER"]

1. e4 d5 2. exd5 Nf6 3. d4 Nxd5 4. c4 Nf6 5. Nc3 Bf5 6. Nf3 e6 7. a3 Be7 8. Be2
O-O 9. O-O Nbd7 10. b4 b6 11. Ne5 Nxe5 12. dxe5 Ne4 13. Nxe4 Bxe4 14. Bb2 c5
15. b5 Qxd1 16. Raxd1 Rad8 17. f4 Rxd1 18. Rxd1 Rd8 19. Rxd8+ Bxd8 20. Kf2 f6
21. g4 Kf7 22. Ke3 f5 23. Bf3 Bxf3 24. Kxf3 g6 1/2-1/2